تحميل...

Subaltern Studies.V7: Writings on South Asian History and Society/

التفاصيل البيبلوغرافية
مؤلفون آخرون: Chatterjee, Partha and Pandey, Gyanendra, ed (المحرر)
التنسيق: Printed Book
منشور في: New Delhi: Oxford, 1999.
LEADER 00450nam a22001217a 4500
020 |a 019 563362 8 
245 |a Subaltern Studies.V7: Writings on South Asian History and Society/ 
260 |a New Delhi:  |b Oxford,  |c 1999. 
300 |a 272p. 
942 |2 ddc  |c BK 
999 |c 340752  |d 340752 
700 |e editor.  |a Chatterjee, Partha and Pandey, Gyanendra, ed. 
952 |0 0  |1 0  |2 ddc  |4 0  |7 0  |8 WAS  |9 391199  |a POL  |b POL  |c ST1  |d 2012-02-22  |g 0.00  |i 90  |l 0  |p POLW90  |r 2015-03-04  |w 2015-03-04  |y BK